[Event "Championnat de Paris Open A"]
[Site "Paris"]
[Date "2010.07.11"]
[Round "9.12"]
[White "Lemeille, Francois"]
[Black "Gouanelle, Franck"]
[Result "0-1"]
[WhiteElo "1975"]
[BlackElo "2158"]
[PlyCount "58"]
[EventDate "2010.??.??"]

1. e4 c5 2. Nf3 d6 3. d4 cxd4 4. Nxd4 Nf6 5. Nc3 a6 6. Bg5 Nbd7 7. f4 Qc7 8.
Qf3 e6 9. O-O-O b5 10. e5 Bb7 11. Qh3 dxe5 12. Nxe6 fxe6 13. Qxe6+ Be7 14. Bxf6
Nxf6 15. Bxb5+ Kf8 16. Bc4 Bb4 17. fxe5 Re8 18. Rd8 Rxd8 19. exf6 Bc8 20. Qe3
Qxc4 21. Qg5 g6 22. Qh6+ Kf7 23. Qg7+ Ke6 24. Re1+ Kd6 25. f7 Kc6 26. Qf6+ Kb7
27. Re4 Qxc3 28. Re7+ Bxe7 29. Qxc3 Bg5+ 0-1

[Event "Championnat de Paris Open A"]
[Site "Paris"]
[Date "2010.07.11"]
[Round "9.13"]
[White "Plane, Boris"]
[Black "Eid, Maha"]
[Result "1-0"]
[WhiteElo "2140"]
[BlackElo "2051"]
[PlyCount "61"]
[EventDate "2010.??.??"]

1. e4 c5 2. Nf3 e6 3. d4 cxd4 4. Nxd4 a6 5. Nc3 Qc7 6. g3 b5 7. a3 Bb7 8. Bg2
Nf6 9. O-O d6 10. f4 Nc6 11. Nb3 h5 12. Bf3 Qb6+ 13. Kg2 O-O-O 14. a4 b4 15. a5
Qc7 16. Na4 Nxa5 17. Nxa5 Qxa5 18. Be3 Qb5 19. c4 Qe8 20. Qd4 e5 21. Qa7 Qc6
22. Nb6+ Kc7 23. Rxa6 Qe8 24. Rc1 exf4 25. e5 Rb8 26. exf6 fxe3 27. Bxb7 Rxb7
28. Nd5+ Kc8 29. Qa8+ Rb8 30. Rc6+ Kd7 31. Qa7+ 1-0

[Event "Championnat de Paris Open A"]
[Site "Paris"]
[Date "2010.07.11"]
[Round "9.14"]
[White "Msellek, Ilyass"]
[Black "Anes, Emmanuel"]
[Result "0-1"]
[WhiteElo "2010"]
[BlackElo "2139"]
[PlyCount "100"]
[EventDate "2010.??.??"]

1. d4 Nf6 2. Nf3 e6 3. e3 Nc6 4. h3 d6 5. Bc4 g6 6. Nc3 Bg7 7. e4 O-O 8. Bg5 h6
9. Bh4 g5 10. Nxg5 hxg5 11. Bxg5 Qd7 12. h4 Nh7 13. Ne2 e5 14. c3 Na5 15. Bd3
exd4 16. cxd4 c5 17. Rh3 Nxg5 18. hxg5 Qg4 19. Qd2 Nc6 20. g6 Nxd4 21. Nxd4
cxd4 22. Rg3 Qh4 23. Rc1 Be6 24. Qb4 fxg6 25. Qxd6 Qf6 26. Rf3 Qe5 27. Qe7 Rxf3
28. gxf3 Qa5+ 29. b4 Qe5 30. Rc7 Bxa2 31. Qd7 Be6 32. Qe7 Bb3 33. Qd7 Be6 34.
Qe7 Qf6 35. Qd6 Rd8 36. Qg3 Qe5 37. Rxb7 Qxg3 38. fxg3 Rd7 39. Rb8+ Kf7 40. f4
Bf8 41. e5 Be7 42. Ke2 Rc7 43. Kf3 Rc3 44. Ke2 Rb3 45. b5 Rb2+ 46. Kf3 Bd5+ 47.
Kg4 Be6+ 48. Kf3 Rb3 49. Ke2 {=} 49... Bg4+ 50. Kd2 Bb4+ 0-1

[Event "Championnat de Paris Open A"]
[Site "Paris"]
[Date "2010.07.11"]
[Round "9.15"]
[White "Aflalo, Sophie"]
[Black "Matrand, Arnaud"]
[Result "1-0"]
[WhiteElo "2008"]
[BlackElo "2130"]
[PlyCount "79"]
[EventDate "2010.??.??"]

1. e4 c5 2. Nf3 e6 3. d4 cxd4 4. Nxd4 Nc6 5. Nc3 Qc7 6. g3 a6 7. Bg2 Nf6 8. O-O
Be7 9. Kh1 O-O 10. f4 d6 11. Nb3 b5 12. a3 Bb7 13. g4 Na5 14. Nxa5 Qxa5 15. g5
Nd7 16. b4 Qc7 17. Bb2 Nb6 18. Qh5 Nc4 19. Bc1 Ne3 20. Bxe3 Qxc3 21. Rae1 g6
22. Qh3 Rfe8 23. Rd1 Qxc2 24. Rc1 Qd3 25. Rcd1 Qxa3 26. Rfe1 Bf8 27. Qh4 Bg7
28. Bd4 Qxb4 29. Bf6 Bxf6 30. gxf6 d5 31. Re3 Qf8 32. Rh3 h6 33. f5 exf5 34.
exf5 Kh7 35. Bf3 Re5 36. fxg6+ fxg6 37. Qf4 Rae8 38. f7 R8e7 39. Rxh6+ Kg7 40.
Rxg6+ 1-0

[Event "Championnat de Paris Open A"]
[Site "Paris"]
[Date "2010.07.11"]
[Round "9.16"]
[White "Mircescu, Ovidiu"]
[Black "Eid, Amine"]
[Result "1/2-1/2"]
[WhiteElo "2123"]
[BlackElo "1859"]
[PlyCount "111"]
[EventDate "2010.??.??"]

1. e4 c5 2. Nc3 Nc6 3. g3 g6 4. Bg2 Bg7 5. d3 e6 6. Be3 d6 7. Qd2 Nge7 8. Bh6
O-O 9. h4 Ne5 10. Nf3 Ng4 11. Bxg7 Kxg7 12. h5 Nc6 13. d4 cxd4 14. Nxd4 Qb6 15.
Nb3 Nce5 16. Qd4 Qxd4 17. Nxd4 b6 18. Nd1 Bb7 19. f3 Nf6 20. h6+ Kg8 21. Ne3 d5
22. exd5 Nxd5 23. Nxd5 Bxd5 24. O-O-O Rfd8 25. Rhe1 Nc6 26. b3 Rac8 27. Kb2
Nxd4 28. Rxd4 Kf8 29. Bh3 Ke7 30. f4 f5 31. Red1 Be4 32. c4 Rxd4 33. Rxd4 Rc7
34. Kc3 e5 35. fxe5 Rc5 36. g4 Rxe5 37. Rd2 fxg4 38. Bxg4 Bf5 39. Bxf5 Rxf5 40.
Re2+ Kf6 41. Re8 Kg5 42. Re7 Kxh6 43. Rxa7 Rf6 44. a4 g5 45. a5 bxa5 46. Rxa5
g4 47. b4 g3 48. Ra1 Kg5 49. Kd3 h5 50. c5 h4 51. b5 g2 52. c6 Rf1 53. Ra8 Rf6
54. Rg8+ Rg6 55. Rxg6+ Kxg6 56. c7 1/2-1/2

[Event "Championnat de Paris Open A"]
[Site "Paris"]
[Date "2010.07.11"]
[Round "9.17"]
[White "Talbi, Boumedienne"]
[Black "Kambrath, Yannick"]
[Result "1/2-1/2"]
[WhiteElo "2202"]
[BlackElo "2001"]
[PlyCount "57"]
[EventDate "2010.??.??"]

1. e4 e5 2. Nf3 Nc6 3. Bc4 Bc5 4. c3 Nf6 5. d4 exd4 6. cxd4 Bb4+ 7. Bd2 Bxd2+
8. Nbxd2 d5 9. exd5 Nxd5 10. Qb3 Nce7 11. O-O O-O 12. Rfe1 c6 13. Ne4 Qb6 14.
Nc5 Rd8 15. Ne5 Qxb3 16. Bxb3 Rb8 17. Rac1 Kf8 18. h3 Ng6 19. Rc2 Bf5 20. Nxg6+
Bxg6 21. Rce2 b6 22. Na6 Nf4 23. Re7 Re8 24. Nxb8 Rxe7 25. Rxe7 Kxe7 26. Nxc6+
Kd6 27. Nxa7 Ne2+ 28. Kf1 Nxd4 29. Bd1 1/2-1/2

[Event "Championnat de Paris Open A"]
[Site "Paris"]
[Date "2010.07.11"]
[Round "9.18"]
[White "Arndt, Uwe"]
[Black "Potterat, Marc"]
[Result "0-1"]
[WhiteElo "2049"]
[BlackElo "2178"]
[PlyCount "52"]
[EventDate "2010.??.??"]

1. d4 Nf6 2. c4 g6 3. Nc3 Bg7 4. e4 d6 5. Nf3 O-O 6. Be2 e5 7. O-O Nc6 8. d5
Ne7 9. Ne1 Nd7 10. Be3 f5 11. f3 f4 12. Bf2 g5 13. a4 h5 14. h3 Rf6 15. a5 Rg6
16. Ra3 Nf6 17. c5 g4 18. hxg4 hxg4 19. fxg4 Nxg4 20. cxd6 cxd6 21. b4 Bf6 22.
Nf3 Kg7 23. Nb5 Qh8 24. g3 Qh3 25. Nxd6 Rh6 26. Ne8+ Kf8 0-1

[Event "Championnat de Paris Open A"]
[Site "Paris"]
[Date "2010.07.11"]
[Round "9.19"]
[White "Rano, David"]
[Black "Chandesris, Ludovic"]
[Result "1-0"]
[WhiteElo "2166"]
[BlackElo "2094"]
[PlyCount "125"]
[EventDate "2010.??.??"]

1. d4 Nf6 2. c4 g6 3. Nc3 Bg7 4. e4 d6 5. Nf3 O-O 6. Be2 e5 7. O-O Nc6 8. d5
Ne7 9. Ne1 Nd7 10. Nd3 f5 11. f3 f4 12. g4 Bf6 13. Bd2 h5 14. h3 Kf7 15. Kg2
Rh8 16. Rh1 Bh4 17. Be1 Bg5 18. h4 hxg4 19. fxg4 Bf6 20. Bf2 Ng8 21. Qe1 Nb6
22. b3 Bd7 23. c5 Nc8 24. Bf3 b6 25. b4 a5 26. c6 Be8 27. Kf1 axb4 28. Nxb4 Ra3
29. g5 Bxg5 30. hxg5 Rxh1+ 31. Bxh1 Qxg5 32. Bf3 Qh6 33. Nc2 Ra5 34. Ke2 Nf6
35. Qh1 Qg7 36. Qh3 Ne7 37. Qe6+ Kf8 38. Bh4 g5 39. Rg1 Bf7 40. Qh3 g4 41. Bxg4
Ng6 42. Bxf6 Qxf6 43. Qh6+ Ke7 44. Bf5 Rc5 45. Kd3 f3 46. Rxg6 f2 47. Ne3 Bxg6
48. Qxg6 Qxg6 49. Bxg6 Kf6 50. Bh5 Kg5 51. Be2 Kf4 52. Ned1 b5 53. Nxf2 b4 54.
Ncd1 Ra5 55. Kc4 Rxa2 56. Bh5 Ra6 57. Kxb4 Rb6+ 58. Kc4 Rb1 59. Nc3 Rf1 60.
Nd3+ Ke3 61. Bg6 Rg1 62. Bf5 Rg2 63. Nb4 1-0

[Event "Championnat de Paris Open A"]
[Site "Paris"]
[Date "2010.07.11"]
[Round "9.20"]
[White "Le Montagner, Yoann"]
[Black "Ribeiro, Romain"]
[Result "1/2-1/2"]
[WhiteElo "2018"]
[BlackElo "2159"]
[PlyCount "108"]
[EventDate "2010.??.??"]

1. e4 c5 2. Nf3 d6 3. d4 cxd4 4. Nxd4 Nf6 5. Nc3 a6 6. Be2 e6 7. O-O Be7 8. a4
Nc6 9. Be3 Qc7 10. f4 O-O 11. Kh1 Bd7 12. Qe1 Nxd4 13. Bxd4 e5 14. Be3 Bc6 15.
Bf3 b5 16. axb5 axb5 17. Qd2 Qb7 18. Nd5 Bxd5 19. exd5 e4 20. Be2 Qxd5 21. Qb4
Rfc8 22. c3 Qf5 23. Qxb5 Qxb5 24. Bxb5 Nd5 25. Bd4 Rxa1 26. Rxa1 Nxf4 27. Ra7
Bf6 28. g3 Bxd4 29. Rd7 Ne6 30. cxd4 Nxd4 31. Bc4 e3 32. Kg2 g6 33. b3 d5 34.
Rxd5 e2 35. Re5 Kf8 36. Kf2 Re8 37. Rxe8+ Kxe8 38. Bxe2 Nxb3 39. Ke3 Ke7 40.
Bc4 Nc5 41. Kd4 Ne6+ 42. Ke5 f6+ 43. Kd5 Nc7+ 44. Kc6 Ne8 45. Bg8 h6 46. Kc5 f5
47. Kd4 Kf6 48. h4 Ng7 49. Ke3 Ne6 50. Kd3 f4 51. Bxe6 Kxe6 52. gxf4 Kf5 53. h5
g5 54. fxg5 hxg5 1/2-1/2

[Event "Championnat de Paris Open A"]
[Site "Paris"]
[Date "2010.07.11"]
[Round "9.21"]
[White "Pluyaud, Benoit"]
[Black "Quach, Charlie"]
[Result "0-1"]
[WhiteElo "1930"]
[BlackElo "2153"]
[PlyCount "104"]
[EventDate "2010.??.??"]

1. d4 Nf6 2. Bg5 g6 3. Bxf6 exf6 4. e3 f5 5. Ne2 b6 6. Nf4 Bb7 7. Nd2 Bg7 8. h4
Bf6 9. Nf3 Qe7 10. c3 O-O 11. Bc4 c6 12. Qc2 d5 13. Be2 Nd7 14. g3 Bg7 15. h5
Nf6 16. O-O-O Ne4 17. Rh2 a5 18. Rdh1 Rfe8 19. Kb1 c5 20. Bb5 Red8 21. hxg6
hxg6 22. Qd1 c4 23. Qf1 Nd6 24. Qh3 Qe4+ 25. Ka1 Qxf3 26. Qh7+ Kf8 27. Nxg6+
fxg6 28. Qxg6 Qg4 29. Qe6 Nf7 30. Qxb6 Rab8 31. Rh5 Ba8 32. Qc5+ Kg8 33. Ba4
Qe2 34. Qa3 Nd6 35. Bd1 Qd2 36. Bf3 Rb6 37. Rb1 Rdb8 38. Rh2 a4 39. Rhh1 Nb5
40. Qe7 Nxc3 41. Bh5 Rf8 42. Bf7+ Rxf7 43. Qd8+ Bf8 44. Qxb6 Nxb1 45. Qg6+ Bg7
46. Rxb1 c3 47. Qa6 c2 48. Qxa8+ Bf8 49. a3 cxb1=Q+ 50. Kxb1 Qd1+ 51. Ka2 Qb3+
52. Kb1 Rb7 0-1

[Event "Championnat de Paris Open A"]
[Site "Paris"]
[Date "2010.07.11"]
[Round "9.22"]
[White "Vallobra, Pierre"]
[Black "Favier, Alain"]
[Result "0-1"]
[WhiteElo "2114"]
[BlackElo "2090"]
[PlyCount "78"]
[EventDate "2010.??.??"]

1. d4 Nf6 2. c4 e6 3. Nf3 d5 4. e3 c5 5. Nc3 Nc6 6. a3 a6 7. b3 b6 8. Bb2 Be7
9. Be2 O-O 10. O-O Bb7 11. Rc1 Rc8 12. dxc5 bxc5 13. cxd5 exd5 14. Na4 Ne4 15.
Nd2 Nxd2 16. Qxd2 Na5 17. Nxc5 Bxc5 18. Rxc5 Rxc5 19. b4 Nc4 20. Qd4 Nxb2 21.
bxc5 Nc4 22. Bxc4 dxc4 23. Qxc4 Qd5 24. Qxd5 Bxd5 25. Rd1 Bc6 26. Rd6 Rc8 27.
f3 Kf8 28. Kf2 Ke7 29. e4 f6 30. Kg3 Bb5 31. Rd5 g6 32. Rd2 Rxc5 33. Kf4 Rc3
34. Ra2 Bc4 35. Ra1 Rc2 36. Kg3 g5 37. h3 Ke6 38. Rb1 Ra2 39. Rc1 Bb5 0-1

[Event "Championnat de Paris Open A"]
[Site "Paris"]
[Date "2010.07.11"]
[Round "9.23"]
[White "Adjem, Mondher"]
[Black "Vicente, Marcel"]
[Result "0-1"]
[WhiteElo "2110"]
[BlackElo "2088"]
[PlyCount "90"]
[EventDate "2010.??.??"]

1. e4 d5 2. exd5 Nf6 3. d4 Nxd5 4. c4 Nf6 5. Nc3 c6 6. g3 Bf5 7. Bg2 e6 8. a3
Be7 9. Nf3 O-O 10. Nh4 Bg4 11. Nf3 Nbd7 12. h3 Bh5 13. g4 Bg6 14. Nh4 Qc7 15.
O-O Rad8 16. f4 Rfe8 17. Nxg6 hxg6 18. Qe2 a6 19. b4 b5 20. c5 Nd5 21. Ne4 N7f6
22. Ng3 Nc3 23. Qe5 Qd7 24. Bb2 Na4 25. Ra2 Nd5 26. g5 Ra8 27. h4 Bd8 28. Qe1
Bc7 29. Qd2 a5 30. Ba1 axb4 31. axb4 Rad8 32. Be4 Nxf4 33. Rxf4 e5 34. Rf3 exd4
35. Qg2 Bxg3 36. Rxg3 Re6 37. Rd3 Qe8 38. Re2 Qe7 39. Rxd4 Re8 40. Kf1 Nxc5 41.
bxc5 Qxc5 42. Rd1 Rxe4 43. Rxe4 Qf5+ 44. Qf2 Qxe4 45. Re1 Qh1+ 0-1

[Event "Championnat de Paris Open A"]
[Site "Paris"]
[Date "2010.07.11"]
[Round "9.25"]
[White "Bensaid, Alexandre"]
[Black "Elkaim, Olivier"]
[Result "1/2-1/2"]
[WhiteElo "1921"]
[BlackElo "2100"]
[PlyCount "91"]
[EventDate "2010.??.??"]

1. e4 c5 2. Nf3 d6 3. d4 cxd4 4. Nxd4 Nf6 5. Nc3 g6 6. g3 Bg7 7. Bg2 O-O 8. O-O
Nc6 9. Nde2 Rb8 10. Nd5 Nd7 11. a4 a6 12. Rb1 b5 13. axb5 axb5 14. h4 Nde5 15.
Ne3 b4 16. b3 Ra8 17. Kh1 Ra2 18. Nf4 Bb7 19. Nfd5 e6 20. Nf4 Qa8 21. Nh3 Rd8
22. h5 d5 23. exd5 Ne7 24. hxg6 hxg6 25. d6 Bxg2+ 26. Nxg2 Nd5 27. Bb2 Rxd6 28.
Qe2 Nc3 29. Bxc3 bxc3 30. Rbd1 Rxd1 31. Rxd1 Nf3 32. Qd3 Bf6 33. Ng1 Nd2 34.
Ne2 Qa5 35. Kg1 Ra1 36. Rxa1 Qxa1+ 37. Kh2 Qa5 38. Ngf4 Qc5 39. Kg2 Qc6+ 40. f3
Qc5 41. Nxe6 fxe6 42. Qxg6+ Bg7 43. Qxe6+ Kh7 44. Qh3+ Kg8 45. Qe6+ Kh7 46.
Qh3+ {=} 1/2-1/2

[Event "Championnat de Paris Open A"]
[Site "Paris"]
[Date "2010.07.11"]
[Round "9.26"]
[White "Harrison, Marc"]
[Black "Guerlach, Frederic"]
[Result "1/2-1/2"]
[WhiteElo "2100"]
[BlackElo "2035"]
[PlyCount "24"]
[EventDate "2010.??.??"]

1. e4 e5 2. Nf3 Nc6 3. Bb5 a6 4. Bc4 Nf6 5. O-O Nxe4 6. d4 exd4 7. Re1 d5 8.
Nxd4 Bd6 9. Nxc6 Bxh2+ 10. Kxh2 Qh4+ 11. Kg1 Qxf2+ 12. Kh1 Qh4+ {=} 1/2-1/2